Principios y prioridades de la política exterior de Chile

Furkejuvvon:
Bibliográfalaš dieđut
Searvvušdahkki: Ministerio de Relaciones Exteriores (Dahkki)
Materiálatiipa: Girji
Giella:espánnjágiella
Almmustuhtton: Santiago Ministerio de Relaciones Exteriores 2008
Fáttát:
Fáddágilkorat: Lasit fáddágilkoriid
Eai fáddágilkorat, Lasit vuosttaš fáddágilkora!

MARC

LEADER 00000nam a2200000 a 4500
001 UCH1269
003 CL-VaPUC
008 090416e20080000CL |||||||||||||||||spa|d
082 0 4 |a 327.983  |b MIN  |2 21 
110 2 |a Ministerio de Relaciones Exteriores  |e author  |9 535674 
245 1 0 |a Principios y prioridades de la política exterior de Chile 
300 |a 85 p 
942 |c BK 
945 |d 20090416 00:00:00  |a rbrito 
260 |a Santiago  |b Ministerio de Relaciones Exteriores  |c 2008 
600 0 7 |a MINISTERIO DE RELACIONES EXTERIORES  |2 CL-VaPUC  |9 398252 
650 0 |a Política exterior   |9 316628 
650 0 |a Relaciones Internacionales  |9 255740 
650 0 |a Relaciones Exteriores  |9 255379 
651 7 |a CHILE  |2 CL-VaPUC  |9 535675 
583 |a last modification  |c 20090416 00:00:00  |k Rodrigo Vera 
999 |c 333323  |d 333321 
952 |0 0  |1 0  |4 0  |6 327_983000000000000_MIN_2008  |7 0  |8 A  |9 421653  |a BIBDER  |b BIBDER  |d 2019-11-22  |i 4538730  |o 327.983 MIN 2008  |p 4538730  |r 2023-01-25  |w 2019-11-22  |y BK  |k DER 
952 |0 0  |1 0  |4 0  |6 327_983000000000000_MIN_2008  |7 0  |8 A  |9 421654  |a BIBHIS  |b BIBHIS  |d 2019-11-22  |i 4538749  |o 327.983 MIN 2008  |p 4538749  |r 2025-01-20  |w 2019-11-22  |y BK  |k HIS